Pokémon - Les attaques de M. Mime - Statistiques

Statistiques générales
  • Ce quiz a été pris 18 fois
  • Le résultat moyen est 10 sur 21
Statistiques - réponses
Niveaux Types Noms des coups % Correct
Niveau 36 Psy Mur Lumière
91%
Niveau 12 Psy Choc Mental
82%
Niveau 36 Psy Protection
82%
Niveau 48 Psy Psyko
82%
Niveau 28 Psy Rafale Psy
73%
Niveau 44 Fée Éclat Magique
64%
Départ Roche Garde Large
64%
Niveau 32 Normal Copie
55%
Niveau 20 Normal Abri
45%
Départ Normal Écras'Face
45%
Niveau 16 Psy Imitation
45%
Départ Combat Prévention
45%
Départ Normal Photocopie
36%
Niveau 36 Normal Rune Protect
36%
Niveau 40 Ténèbres Coup Bas
27%
Départ Normal Encore
27%
Départ Psy Permuforce
27%
Départ Psy Permugarde
27%
Départ Normal Relais
27%
Niveau 52 Normal Danse Folle
18%
Niveau 24 Normal Recyclage
0%
Aucun quiz correspondant
Distribution des résultats
% des personnes avec chaque résultat
Percentile par nombre de réponses
Votre historique - résultats
Vous n’avez pas pris ce quiz